000 00253nam a22001097a 4500
100 _aMC cormack,Mark.II
245 _aWhat they Don't touch youat harverd Business School
250 _a2003
260 _bProfile Books
300 _a251
942 _2ddc
_cBK
999 _c12800
_d12800